Central Library OPAC University of Rajshahi

Turmoil and transition : (Record no. 50284)

MARC details
000 -LEADER
fixed length control field 00989nam a2200253 a 4500
001 - CONTROL NUMBER
control field 50284
003 - CONTROL NUMBER IDENTIFIER
rucl marc code BD-RjUL
005 - DATE AND TIME OF LATEST TRANSACTION
control field 20211209075503.0
008 - FIXED-LENGTH DATA ELEMENTS--GENERAL INFORMATION
fixed length control field 160824s1968 ii b 001 0 eng d
035 ## - SYSTEM CONTROL NUMBER
System control number (BD-RjUL) 50404
040 ## - CATALOGING SOURCE
Original cataloging agency DLC
Transcribing agency DLC
Modifying agency EQO
-- BD-RjUL
Language of cataloging eng
041 ## - LANGUAGE CODE
Language code of text/sound track or separate title eng
082 ## - DEWEY DECIMAL CLASSIFICATION NUMBER
Classification number 378.1910954
Edition number 23
Author mark and year TUR 1968
245 00 - TITLE STATEMENT
Title Turmoil and transition :
Remainder of title higher education and student politics in India /
Statement of responsibility, etc. Edited by Philip G. Altbach
260 ## - PUBLICATION, DISTRIBUTION, ETC. (IMPRINT)
Place of publication, distribution, etc. Bombay :
Name of publisher, distributor, etc. Lalvani Pub. House,
Date of publication, distribution, etc. c1968
300 ## - PHYSICAL DESCRIPTION
Pagination ix, 278 p. ;
Size 23 cm
500 ## - GENERAL NOTE
General note Continuing study conducted by the Comparative Student Project, sponsored by the Center for International Affairs at Harvard University
504 ## - BIBLIOGRAPHY, ETC. NOTE
Bibliography, etc Bibliography: p. 269-271 and index.
650 #0 - SUBJECT ADDED ENTRY--TOPICAL TERM
Topical term or geographic name as entry element Student movements
Geographic subdivision India
9 (RLIN) 144807
Topical term or geographic name as entry element College students
General subdivision Political activity
Geographic subdivision India
9 (RLIN) 150704
700 ## - ADDED ENTRY--PERSONAL NAME
Personal name Altbach, Philip G.
710 2# - ADDED ENTRY--CORPORATE NAME
Corporate name or jurisdiction name as entry element Harvard University.
Subordinate unit Center for International Affairs.
9 (RLIN) 128960
942 ## - ADDED ENTRY ELEMENTS (KOHA)
Source of classification or shelving scheme Dewey Decimal Classification
Koha item type Books
Holdings
Lost status Source of classification or shelving scheme Damaged status Not for loan Collection code Permanent Location Current Location Shelving location Date acquired Source of acquisition Total Checkouts Full call number Date last seen Copy number Koha item type
  Dewey Decimal Classification     Non-fiction Central Library, University of Rajshahi Central Library, University of Rajshahi   24/06/1974 Indian Govt.   378.54 TUR 1968 24/08/2016 C-2 Books